000 00499nam a2200181Ia 4500
001 10798
005 20260306161858.0
008 260306t1971||||xx |||||||||||||| ||spa||
041 _aESP
082 _a959.7
_bCH564
100 _aChomsky, Noam
_eAUT
245 0 _aLa responsabilidad de los intelectuales y otros ensayos históricos y políticos:
_b(los nuevos mandarines)
260 _c1971
300 _a368 páginas :
_c18 cm.
650 _aGEN
654 _aCHU
942 _cLIB
_dJUS
_fJUS
_2ddc
_n
999 _c10798
_d10798